000 00633nam a2200229 i 4500
001 17470
003 ES-MaACL
005 20260209142801.0
007 t|
008 010312s2000 sp ||||1| spa d
020 _a84-666-0000-0
080 _a821.111(73)-31"19"
100 1 _aSinger, Isaac Bashevis.
_9106625
245 1 0 _aSombras sobre el Hudson /
_cIsaac Bashevis Singer.
250 _a1ยช ed.
260 _aBarcelona :
_bEdiciones B,
_c2000.
300 _a733 p. ;
_c25 cm.
490 1 _aAfluentes
830 0 _aAfluentes (Ediciones B)
_9235215
852 _aES-MaACL
_jL-24272
_bR.129513
999 _c17470
_d17470